00365pab a2200121 454500008004000000100002300040245007200063260000900135300001400144362000800158650002500166773005200191180718b2007 xxu||||| |||| 00| 0 eng d aBourgautt, Jacques aCorporate management at top level of governments: the Canadian case c2007 ap.257-74. aJun aCorporate governance aInternational Review of Administrative Sciences